| 000 | 00456 a2200193 4500 | ||
|---|---|---|---|
| 001 | 108230 | ||
| 020 | _a1588246787 (electronic bk.) | ||
| 041 | _apor | ||
| 090 | _a[E] | ||
| 100 | _aParr, Todd. | ||
| 250 | _a1st ed. | ||
| 300 | _a[24] p. | ||
| 697 | _aHair - Fiction. | ||
| 856 | _u000017/0000179e.jpg | ||
| 040 |
_aBR-BrIDEA _cBR-BrIDEA |
||
| 245 | 1 | 0 |
_aThis is my hair _c Todd Parr |
| 260 |
_a[S.l.] _bipicturebooks.com _c2005 |
||
| 942 | _cE-BOOK | ||
| 999 |
_c108230 _d108230 |
||